Makers of Kenya's History:Mzee jomo Kenyatta (Record no. 3012)

MARC details
000 -LEADER
fixed length control field 00369nam a2200133Ia 4500
008 - FIXED-LENGTH DATA ELEMENTS--GENERAL INFORMATION
fixed length control field 221216s9999||||xx |||||||||||||| ||und||
020 ## - INTERNATIONAL STANDARD BOOK NUMBER
International Standard Book Number 9906251103
040 ## - CATALOGING SOURCE
Transcribing agency Chuka University Library
050 ## - LIBRARY OF CONGRESS CALL NUMBER
Classification number DT 433.576
Item number .K46A84 1992
100 ## - MAIN ENTRY--PERSONAL NAME
Personal name Aseka ,Eric
9 (RLIN) 2182
245 #0 - TITLE STATEMENT
Title Makers of Kenya's History:Mzee jomo Kenyatta
260 ## - PUBLICATION, DISTRIBUTION, ETC.
Place of publication, distribution, etc. EAEP
Name of publisher, distributor, etc. Nairobi
Date of publication, distribution, etc. 1992
942 ## - ADDED ENTRY ELEMENTS (KOHA)
Koha item type Long Loan Books
Koha issues (borrowed), all copies 1
Holdings
Withdrawn status Lost status Damaged status Not for loan Collection Home library Current library Shelving location Date acquired Total Checkouts Full call number Barcode Date last seen Price effective from Koha item type Source of classification or shelving scheme Source of acquisition Date last checked out Copy number
        General Collection Books Main Campus Library Main Campus Library General Stacks 16/12/2022   DT 433.576 .K46A84 1992 4542/2009 16/12/2022 16/12/2022 Long Loan Books        
        Africana Collection Main Campus Library Main Campus Library General Stacks 12/02/2009 1 DT 433.576 .K46A84 1992 C.1 4543/2009 11/03/2026 24/02/2026 Long Loan Books Library of Congress Classification Donation from Books For Africa 24/02/2026 1

Powered by Koha